00421 2200169 4500001002100000005001500021008004100036020001800077035001900095041000700114082001000121090001600131100001900147245002500166260004700191300001300238INLIS00000000002932320241224132727241224||||||||| | ||| |||| || |  a979-668-796-8 0010-1224029323 aid0 a372.1 a372.1 NUG k0 aZENI S.NUGROHO00aKisah Terumbu Karang aSolobTiga Serangkai Pustaka Mandiric2005 a24 hlm.,